000 00718cam a2200265 a 4500
001 47555
005 20230411085958.0
008 000609s1980 uk b 000 0 eng d
035 _a(OCoLC)ocn317305843
040 _aotp
_beng
_cTOH
020 _a017566241X (pbk.)
020 _a9780175662418 (pbk.)
035 _a(OCoLC)317305843
043 _acc-----
082 4 _a972.9
049 _aGRAL
100 1 _aHonychurch, Lennox,
_d1952-
245 1 4 _aThe Caribbean people, book 2 /
_cLennox Honychurch. --
260 _a[s.l.] :
_bNelson Caribbean,
_c1980.
300 _a128 p. :
_bill. (some col.), maps.
651 0 _aCaribbean Area
_xHistory.
942 _2lcc
_cbk
994 _aC0
_bDRFGD
946 _aJP
999 _c110392
_d110392